000 00366nam a2200145Ia 4500
008 221030s9999 xx 000 0 und d
041 _aEnglish
082 _a105.23
100 _aU. K. Chakraborty
245 0 _aSoftware & Systems - An Introduction
_cby U. K. Chakraborty, D. G. Dastidar
260 _c0
650 _aB
700 _aD. G. Dastidar
942 _cBK
999 _c13177
_d13177